La mano del muerto y otras historias de horror /

Guardado en:
Autor Principal: Lalia, Horacio
Formato: Libro
Publicado: Buenos Aires : Colihue, 2013
Series:Colección Narrativa dibujada. Serie Sobrevivientes
Materias:
Etiquetas: Agregar Etiqueta
Sin Etiquetas, Sea el primero en etiquetar este registro!
LEADER 00980nam a22002895a 4500
001 CEM.cems018289
008 130507s2013##################000#0#####d
005 20221108084959.0
245 1 0 |a La mano del muerto y otras historias de horror /  |c Horacio Lalia 
260 |a Buenos Aires :  |b Colihue,  |c 2013 
300 |a 128 p. 
490 0 |a Colección Narrativa dibujada. Serie Sobrevivientes 
020 |a 9789876849722 
100 1 |a Lalia, Horacio 
082 0 4 |a A868.4 
653 |a Literatura 
653 |a Literatura argentina 
653 |a Narrativa 
653 |a Narrativa argentina 
653 |a Narrativa gráfica 
653 |a Historieta 
653 |a Comic 
653 |a Ministerio de educación-colección literaria 
653 |a Literatura de terror 
859 |a CEMS  |b BIB. CEMS - Agricultura  |h A868.4  |i L153  |p A2105.14  |t Ej.1 
859 |a CEMS  |b BIB. CEMS - Inicial y Primaria  |h A868.4  |i L153  |k IP  |p 5659  |t Ej.1 
859 |a CEMS  |b BIB. CEMS - 11 de abril  |h 741.5  |i L153  |p 26945.14  |t Ej.1